000 003600000a22001570004500
001 002183
003 MACL
040 _aMACL
090 _c14176
_d14175
100 _aPrasad, Kiran
245 _aWomen And Media
_bChallenging Feminist Discourse
_cKiran Prasad
260 _aThe Women Press,
_c2005
350 _a500
650 _aJournalism
942 _k70
_cBook
999 _c14098
_d14098